000 00490nam a22001697a 4500
005 20251108171913.0
008 250721s1982 xx 000 0 ara d
082 1 4 _a136.7/غسا
100 1 _aيعقوب، غسان
245 1 0 _aتطور الطفل عند بياجيه /
264 1 _aبيروت :
_bدار الكتاب اللبناني : مكتبة المدرسة،
_c1982.
300 _a201ص
650 1 7 _aالطفل
650 1 7 _aدراسة
942 _2ddc
_cBK
999 _c65598
_d65598